000 00559nam a22001817a 4500
003 CEME
005 20210628203525.0
008 210120b xxu||||| |||| 00| 0 eng d
020 _a0-7923-7960-8
040 _c.
082 _a338.064 PRO
100 _aArk, Bart Van, Kuipers, Simon K, Kuper,Gerard H
_966006
245 _aProductivity, technology and economics growth
260 _aUSA
_bKLUWER ACADEMIC PUBLISHER
_c2000
300 _aXVII,400P
650 _aINDUSTRIAL PRODUCTIVITY.TECHNOLOGY INNOVATIONS.ECONOMIC DEVELOPMENT
_966007
942 _cBK
_2ddc
999 _c574061
_d574061